000 01120nam a22003257a 4500
003 CHAP
005 20220329140224.0
008 971013s1888 r 00010 d
010 _a48780
011 _a49752
035 _a53902
040 _cCHAP
082 _a633.73
_bR65
100 0 0 _aRisler, Eugenio.
_997510
245 _aFisiología y cultivo del trigo ; principios que debe seguirde para disminuir el costo de dicho cultivo
260 _aMéxico, D. F. :
_bSecretaría de Fomento,
_c1888
300 _apág. var.
_b: ilus.
490 _aBiblioteca de la Revista Agrícola
501 _aEnc. con otros impresos similares
590 _aBATCH-UPD
_b10
_c20130110
_lUCH01
_h0020
590 _aBATCH-UPD
_b10
_c20130110
_lUCH01
_h2206
590 _aBATCH-UPD
_b10
_c20130410
_lUCH01
_h1511
590 _aBATCH-UPD
_b10
_c20130914
_lUCH01
_h1006
590 _aCONVERSION
_b10
_c20130109
_lUCH01
_h1327
650 1 4 _aTrigo
_xFisiología y morfología.
_9115027
830 0 _aBiblioteca de la Revista Agrícola
_912332
901 _aBK
942 _cLIBRO
949 _a633.73 R65
_bBC
_cBPP
_d-119241
_eBPP
_h60123
_i53902
_si
999 _c48780
_d48780